| 000 | 00539nam a2200157 4500 | ||
|---|---|---|---|
| 001 | 145136 | ||
| 003 | ES-MaACL | ||
| 005 | 20230906201153.0 | ||
| 007 | t| | ||
| 008 | 070214s1917 sp r ||||1| spa d | ||
| 100 | 1 |
_aSonnino, Sidney _cBarón de. _9107304 |
|
| 245 | 1 | 0 | _aDiscurso del Excmo. Sr. Ministro de Estado de Italia, Barón de Sonnino, en la sesión del Parlamento italiano celebrada el 18 de diciembre de 1916. |
| 260 |
_aBarcelona : _b[s. n.], _c1917. |
||
| 710 | 2 |
_aItalia. _bParlamento. _95320 |
|
| 852 |
_aES-MaACL _j1510-F-19 |
||
| 999 |
_c145136 _d145136 |
||